000 01280nkm a2200289 i 4500
001 3469
003 ES-MaACL
005 20250713062726.0
007 khrbo
008 051102s1985 sp --- g |001||spa d
100 0 _aAlfonso,
_d1902-1990
_919858
245 1 0 _aActo literario-poético a cargo de la novelista Eloisa Montalvo y Gloria García Mosteiro que declamará poemasde María Beira [
_hFotografía] /
_cAlfonso (sello).
260 _a[S.l. :
_bs.n.],
_c1985.
300 _a6 fot. :
_bb. y n. ;
_c12 x 18 cm.
500 _aDatos basados en invitación.
511 0 _aIntervienen: Elois Montalvo, Gloria García Mosteiro , María Beira.
518 _aActo organizado por el Ateneo de Madrid y el Grupo Cultural "Galicia en Madrid", celebrado en la sala de conferencias el sábado, 11 de mayo de 1985, a las 20:00 h.
600 0 4 _aMontalvo, Eloísa.
_982348
600 1 4 _aGarcía Mosteiro, Gloria.
_955006
600 1 4 _aBeira, María.
_927074
610 2 4 _aAteneo de Madrid-
_xActos culturales-
_y1985-
_vFotografías.
_91900
710 2 _aAteneo de Madrid.
_91875
710 2 _aGalicia en Madrid.
_94458
852 _aES-MaACL
_jFOT 33/1985
856 4 _uhttp://www.ateneodemadrid.net/biblioteca_digital/imagenes/1985/0033-1985.jpg
_zVer imagen
999 _c3469
_d3469